Математические модели микроэкономики (Запись № 1193488)

Подробности
000 -МАРКЕР
контрольное поле 02051nam0a2200397 4500
001 - ИДЕНТИФИКАТОР ЗАПИСИ
контрольное поле RU\NLR\bibl\209543
005 - ИДЕНТИФИКАТОР ВЕРСИИ
контрольное поле 20260405135252.0
010 ## - МЕЖДУНАРОДНЫЙ СТАНДАРТНЫЙ НОМЕР КНИГИ (ISBN)
Номер (ISBN) 5-88151-299-5
Тираж 350
021 ## - НОМЕР ГОСУДАРСТВЕННОЙ РЕГИСТРАЦИИ
Код страны Российская Федерация
Номер 2001-31479
Номер Листа государственной регистраци 1502
035 ## - ДРУГИЕ СИСТЕМНЫЕ НОМЕРА
Идентификатор записи (NLR Aleph) 000205770
100 ## - ДАННЫЕ ОБЩЕЙ ОБРАБОТКИ
Данные общей обработки 20011129d2001 |||y0rusy50 ca
101 0# - ЯЗЫК РЕСУРСА
Язык текста, звукозаписи и т.д. русский
102 ## - СТРАНА ПУБЛИКАЦИИ ИЛИ ПРОИЗВОДСТВА
Страна публикации Российская Федерация
105 ## - ПОЛЕ КОДИРОВАННЫХ ДАННЫХ: ТЕКСТОВЫЕ МАТЕРИАЛЫ, МОНОГРАФИЧЕСКИЕ
Кодированные данные о монографическом текстовом документе a |||||||||
200 1# - ЗАГЛАВИЕ И СВЕДЕНИЯ ОБ ОТВЕТСТВЕННОСТИ
Основное заглавие Математические модели микроэкономики
Сведения, относящиеся к заглавию Учеб. пособие
Первые сведения об ответственности С.Э. Батищева, Э.Д. Каданэр, П.М. Симонов
Последующие сведения об ответственности М-во образования Рос. Федерации, Перм. гос. техн. ун-т, Каф. прикладной математики
210 ## - ПУБЛИКАЦИЯ, РАСПРОСТРАНЕНИЕ И ДР.
Место издания, распространения и т.д. Пермь
Имя издателя, распространителя и т. д. ПГТУ
Дата издания, распространения и т.д. 2001
215 ## - ФИЗИЧЕСКАЯ ХАРАКТЕРИСТИКА
Специфическое обозначение материала и объем 323, [1] с.
Другие сведения о физической характеристике ил.
Размеры 21
320 ## - ПРИМЕЧАНИЯ О НАЛИЧИИ В ДОКУМЕНТЕ БИБЛИОГРАФИИ / УКАЗАТЕЛЯ
Текст примечания Библиогр.: с. 229 (15 назв.)
606 0# - НАИМЕНОВАНИЕ ТЕМЫ КАК ПРЕДМЕТ
Наименование темы Микроэкономика
Формальный подзаголовок Руководства, пособия и т.п. для высшей школы
Тематический подзаголовок Математическое моделирование
Системный номер авторитетной/нормативной записи 2220578
Идентификатор авторитетной/нормативной записи RU\NLR\auth\661333428
606 0# - НАИМЕНОВАНИЕ ТЕМЫ КАК ПРЕДМЕТ
Наименование темы Микроэкономика
Формальный подзаголовок Учебные издания для высшей школы
Тематический подзаголовок Математическое моделирование
Системный номер авторитетной/нормативной записи 2220578
Идентификатор авторитетной/нормативной записи RU\NLR\auth\661333428
610 0# - НЕКОНТРОЛИРУЕМЫЕ ПРЕДМЕТНЫЕ ТЕРМИНЫ
Предметный термин Микроэкономика - Математическое моделирование
675 ## - УНИВЕРСАЛЬНАЯ ДЕСЯТИЧНАЯ КЛАССИФИКАЦИЯ (UDC/УДК)
Индекс 330.101.542.001.573(075.8)
Издание 3
Язык издания rus
686 ## - ИНДЕКСЫ ДРУГИХ КЛАССИФИКАЦИЙ
Индекс 06
Код системы
686 ## - ИНДЕКСЫ ДРУГИХ КЛАССИФИКАЦИЙ
Индекс 65.012.1я73
Код системы
686 ## - ИНДЕКСЫ ДРУГИХ КЛАССИФИКАЦИЙ
Индекс У010.4в611я73
700 #1 - ИМЯ ЛИЦА - ПЕРВИЧНАЯ ОТВЕТСТВЕННОСТЬ
Код отношения Автор
Графика поля Кириллица
Материалы, к которым относится поле rus
Начальный элемент ввода Батищева
Часть имени, кроме начального элемента ввода С. Э.
Расширение инициалов личного имени Светлана Эдуардовна
Системный номер авторитетной/нормативной записи 38627
Идентификатор авторитетной/нормативной записи RU\NLR\auth\7755695
701 #1 - ИМЯ ЛИЦА - АЛЬТЕРНАТИВНАЯ ОТВЕТСТВЕННОСТЬ
Код отношения Автор
Графика поля Кириллица
Материалы, к которым относится поле rus
Начальный элемент ввода Каданэр
Часть имени, кроме начального элемента ввода Э. Д.
Расширение инициалов личного имени Эдуард Дмитриевич
Системный номер авторитетной/нормативной записи 38628
Идентификатор авторитетной/нормативной записи RU\NLR\auth\7755696
701 #1 - ИМЯ ЛИЦА - АЛЬТЕРНАТИВНАЯ ОТВЕТСТВЕННОСТЬ
Код отношения Автор
Графика поля Кириллица
Материалы, к которым относится поле rus
Начальный элемент ввода Симонов
Часть имени, кроме начального элемента ввода П. М.
Даты 1957-
Расширение инициалов личного имени Петр Михайлович
Системный номер авторитетной/нормативной записи 38629
Идентификатор авторитетной/нормативной записи RU\NLR\auth\7755697
801 #0 - ИСТОЧНИК ЗАПИСИ
Страна Российская Федерация
Организация RKP
Дата составления 20011129
Правила каталогизации PSBO
801 #1 - ИСТОЧНИК ЗАПИСИ
Страна Российская Федерация
Организация RKP
Дата составления 20011129
801 #2 - ИСТОЧНИК ЗАПИСИ
Страна Российская Федерация
Организация NLR
Дата составления 20070907
Правила каталогизации rcr
942 ## - ДОПОЛНИТЕЛЬНЫЕ ЭЛЕМЕНТЫ ЗАПИСИ (АБИС)
Тип экземпляра АБИС Книга
980 ## - КОЛЛЕКЦИЯ
Название коллекции Национальная библиография
980 ## - КОЛЛЕКЦИЯ
Название коллекции НБР
Экземпляры
Тип экземпляра Дата поступления Источник поступления Библиотека постоянного хранения Библиотека текущего хранения Место хранения Шифр хранения Штрих-код Статус экземпляра
Книга 05.12.2001 Обязательный экземпляр РНБ (Московский) РНБ (Московский) Русский книжный фонд: издания с 1957 года 2001-3/19259 1-1616296  
Книга 05.12.2001 Обязательный экземпляр РНБ (Московский) РНБ (Московский) Русский книжный фонд: издания с 1957 года 2001-3/19259 194862